Lương thực, thực phẩm trong phòng chống các bệnh tiết niệu ( Thực phẩm - thuốc phòng chống các bệnh tiết niệu )
Guardat en:
| Autor principal: | |
|---|---|
| Format: | Llibre |
| Idioma: | Undetermined |
| Publicat: |
Hà Nội
Nông nghiệp
2003
|
| Matèries: | |
| Etiquetes: |
Afegir etiqueta
Sense etiquetes, Sigues el primer a etiquetar aquest registre!
|
| Thư viện lưu trữ: | Trung tâm Học liệu Trường Đại học Cần Thơ |
|---|
| LEADER | 00720nam a2200205Ia 4500 | ||
|---|---|---|---|
| 001 | CTU_97135 | ||
| 008 | 210402s9999 xx 000 0 und d | ||
| 020 | |c 15000 | ||
| 082 | |a 615.882 | ||
| 082 | |b B105 | ||
| 100 | |a Thái, Duy Ban | ||
| 245 | 0 | |a Lương thực, thực phẩm trong phòng chống các bệnh tiết niệu ( Thực phẩm - thuốc phòng chống các bệnh tiết niệu ) | |
| 245 | 0 | |c Thái Duy Ban | |
| 260 | |a Hà Nội | ||
| 260 | |b Nông nghiệp | ||
| 260 | |c 2003 | ||
| 650 | |a Folk medicine,Genitourinary organs,Urinary organs | ||
| 650 | |x Diseases,Diseases | ||
| 904 | |i Tuyến | ||
| 980 | |a Trung tâm Học liệu Trường Đại học Cần Thơ | ||